000 00308nam a22001217a 4500
041 _aENG
100 _aSingh .N.P
245 _aQuestion Bank On agricultural Competitve Exams
260 _aDelhi
_bInternational Book
_c2004
300 _a927
650 _aCompetitlve Exam
856 _uCompetitlve Exam ( 36 )
999 _c925
_d925